00445nam a22001697a 450000500170000000800410001702000260005804000090008404100120009308200150010510000170012024500620013726000260019930000080022565000230023370000190025620250320152849.0250320b |||||||| |||| 00| 0 eng d a9788177587432c860.00 aMAIN aEnglish a620.5bRAT aRatner, Mark aNanotechnology a gentle introduction to the next big Idea aNoida bPearsonc2006 a188 aBiological Science aRatner, Daniel